000 00309nam a22001337a 4500
008 181023b xxu||||| |||| 00| 0 eng d
020 _a9780312306441
041 _aeng
080 _a321
100 _a21
101 _aPOL
245 _aThe War Against The Terorr Masters
_cLedeen.M.A
942 _2udc
_cBK
999 _c50766
_d50766